000
00317nam a22001337a 4500
008
181031b xxu||||| |||| 00| 0 eng d
020
_a
0155928589
041
_a
eng
080
_2
2nd
_a
341
100
_a
15
101
_a
SHJ
245
_a
Argument. An Introduction to Informal Logic
_c
Fogelin, R.J
942
_2
udc
_c
BK
999
_c
51338
_d
51338